Translate Japanese to English #1 - Statistics

General Stats
  • This quiz has been taken 506 times
  • The average score is 8 of 15
Answer Stats
Word Translation % Correct
Cat Neko
98%
Three San
88%
Blue Ao
83%
Ten Ju
79%
Book Hon
70%
Paper Kami
54%
Money Okane
50%
Color Iro
48%
Pencil Enpitsu
46%
Door Doa
42%
Sound Oto
41%
Light Hikari
39%
Lion Raion
35%
Grass Kusa
31%
Hard Hado
7%
No matching quizzes found
Score Distribution
Percent of People with Each Score
Percentile by Number Answered
Your Score History
You have not taken this quiz